Estadísticas para Capitales Europeas más Adivinadas

Haz click aquí para intentar la prueba.

Estadísticas generales

  • Esta prueba ha sido intentada 2.435 veces
    (2.019 desde el último reinicio)
  • La puntuación promedio es 11 de 14

Estadísticas de respuestas

%Capital% Correcto
98Madrid
99%
98París
98%
97Roma
96%
98Berlín
95%
94Londres
95%
92Lisboa
86%
91Moscú
85%
91Oslo
78%
93Atenas
77%
91Dublin
76%
91Bruselas
72%
92Viena
68%
92Ciudad del Vaticano
49%
91Monaco
43%

Distribución de puntuación

Porcentaje por número respondido

Porcentaje de gente con cada puntuación

Historial de tus puntuaciones

No has intentado esta prueba desde el último reinicio